| 000 | 004780000a22001570004500 | ||
|---|---|---|---|
| 003 | MACL | ||
| 005 | 20170806130541.0 | ||
| 008 | 170806b xxu||||| |||| 00| 0 eng d | ||
| 040 | _cmacl | ||
| 100 |
_aविगत,राधेश्याम _968551 |
||
| 245 | _aभतग सिंह | ||
| 260 |
_bहिन्दी सेवा सदन _c1999 _aमथुरा |
||
| 350 | _a25 | ||
| 650 |
_aबाल पुस्तक _966192 |
||
| 942 |
_cHIN _k741.642 _2ddc |
||
| 999 |
_c10384 _d10384 |
||